BIBLIOTHÈQUE DE LA MAISON DU MEXIQUE

Logo 1 Logo 2

La emperatriz Eugenia (notice nᵒ 10787)

détails MARC
000 -Sello discográfico
campo de control de longitud fija 01165nam a2200361 4500
005 - Identificación de versión
campo de control 20251016082939.0
035 ## - Otros números de control del sistema
Número de control del sistema 10798
099 ## - fechas locales
Tipo de ítem Koha LIBRO
100 ## - Datos de procesamiento general
Datos de procesamiento general 20040218d1924 m y1spay5003 ba
105 ## - Campo de datos codificados: Material textual, monográfico
Datos codificados de monografía y 001ab
200 1# - Título y mención de responsabilidad
Título propio La emperatriz Eugenia
Designación general del material texto impreso
Otra información del título El camino al trono : Novela
Primer mención de responsabilidad Heinrich Vollrat Schumacher
Declaración de responsabilidad subsiguiente traducción Ricardo F. de Alba
210 ## - Publicación, distribución, etc.
Lugar de publicación, distribución, etc. Buenos Aires
Nombre del editor, distribuidor, etc. Editora Internacional
Fecha de publicación, distribución, etc. 1924
215 ## - Descripción física
Designación de material específico y extensión del ítem 389 p
Dimensiones 21 cm
318 ## - Nota de acción
Acción No se presta a domicilio
345 ## - Nota de información de adquisición
Fuente de adquisición/dirección de la suscripción [OBSOLETO] Intercambio
600 ## - Nombre personal usado como materia
Elemento de entrada Montijo
Parte del nombre distinta del elemento de entrada Eugenia María de
Fechas 1826-1920
Adiciones al nombre que no sean fechas consorte de Napoleón III
Subdivisión temática Novela
Número Koha 17287
607 ## - Nombre geográfico utilizado como tema
Elemento de entrada México
Subdivisión temática Historia
Subdivisión cronológica Intervención europea, 1861-1867
Subdivisión temática Novela
Número Koha 3551
660 ## - Código de área geográfica
Código MX
676 ## - Clasificación Decimal Dewey
Número R972.07 S392e
700 ## - Nombre personal - Responsabilidad primaria
Elemento de entrada Schumacher
Parte del nombre distinta del elemento de entrada Heinrich Vollrat
Número Koha 17288
702 ## - Nombre personal - Responsabilidad secundaria
Elemento de entrada Alba
Parte del nombre distinta del elemento de entrada Ricardo F. de
Número Koha 17289
801 #0 - Fuente de origen
Agencia cm
900 ## -
-- 1/6490
900 ## -
-- 7100418252\180204
942 ## - ELEMENTOS DE ENTRADA SECUNDARIOS (KOHA)
Tipo de ítem Koha Livre

Pas d'exemplaire disponible.